ბათუმის შოთა რუსთაველის სახელმწიფო უნივერსიტეტის ბიბლიოთეკა

Бурение нефтяных и газовых скважин. (ბიბ.ჩანაწერი № 38208)

000 -LEADER
fixed length control field 00639nam a2200217Ia 4500
001 - CONTROL NUMBER
control field 4198
003 - CONTROL NUMBER IDENTIFIER
control field GE_BSU
008 - FIXED-LENGTH DATA ELEMENTS--GENERAL INFORMATION
fixed length control field 181216s||||||||xx |||||||||||||| ||und||
040 ## - CATALOGING SOURCE
Transcribing agency GE_BSU
080 ## - UNIVERSAL DECIMAL CLASSIFICATION NUMBER
Universal Decimal Classification number 622.24(075.8)
100 ## - MAIN ENTRY--PERSONAL NAME
Personal name Середа,Н.Г. Соловьев,Е.М.
245 ## - TITLE STATEMENT
Title Бурение нефтяных и газовых скважин.
245 ## - TITLE STATEMENT
Statement of responsibility, etc. Ред. Л.Ф.Маклакова.
260 ## - PUBLICATION, DISTRIBUTION, ETC.
Place of publication, distribution, etc. М.
260 ## - PUBLICATION, DISTRIBUTION, ETC.
Name of publisher, distributor, etc. Недра.
260 ## - PUBLICATION, DISTRIBUTION, ETC.
Date of publication, distribution, etc. 1974.
300 ## - PHYSICAL DESCRIPTION
Extent 453 стр. 26 см.
300 ## - PHYSICAL DESCRIPTION
Accompanying material 27 табл. 235 илл.
653 ## - INDEX TERM--UNCONTROLLED
Uncontrolled term Бурение нефтяных и газовых скважин.
942 ## - ADDED ENTRY ELEMENTS (KOHA)
Koha item type წიგნი
ეგზემპლარები
Withdrawn status Lost status Damaged status Not for loan Date acquired Barcode Date last seen Price effective from Koha item type Public note
        2018-12-17 9400 2018-12-17 2018-12-17 წიგნი საცავი